[Event "11th American Continental Women 2018"]
[Site "Envigado"]
[Date "2018.11.17"]
[Round "1.1"]
[White "Cori T., Deysi"]
[Black "Cordero, Daniela"]
[Result "1/2-1/2"]
[WhiteElo "2406"]
[BlackElo "2085"]
[Annotator "TA"]
[PlyCount "52"]
[EventDate "2018.11.17"]
[EventType "swiss"]
[EventRounds "9"]
[EventCountry "COL"]
[SourceTitle "playchess.com"]
[Source "ChessBase"]
[SourceQuality "1"]

{[%evp 13,52,9,16,8,4,17,0,0,0,-18,-12,-56,18,-39,-28,-34,-35,-170,-185,-247,-252,-239,-265,-269,-258,-263,-99,-99,0,0,0,0,0,0,0,0,0,0,0,0,0]} 1. Nf3 Nf6 2. b3 d5 3. Bb2 e6 4. c4 Bd6 5. g3 O-O 6. Bg2 b6 {A13: English Opening: 1...e6} 7. O-O Bb7 {LiveBook: 27 Games} 8. d3 (8. Nc3 a6 9. e3 Nbd7 10. Qe2 Qe7 11. d3 Ba3 12. cxd5 Bxb2 13. Qxb2 Nxd5 14. Nxd5 Bxd5 {½-½ (34) Rakhmanov,A (2664)-Ponkratov,P (2596) Khanty-Mansiysk 2016}) 8... c5 9. cxd5 $146 ({Predecessor:} 9. Nbd2 Nc6 10. Qc2 Qe7 11. cxd5 exd5 12. Rfe1 Rad8 13. Rac1 Rfe8 14. Nh4 {½-½ (50) Ustinov,A (2117)-Sakorenko,A (1942) St Petersburg 2016}) 9... exd5 10. Nh4 Re8 11. Nf5 Bf8 12. d4 Nbd7 (12... Nc6 $15) 13. dxc5 (13. Nc3 $11) 13... bxc5 $15 14. Nc3 {[%cal Rc3d5]} Nb6 15. Qc1 ({White should play} 15. Qc2 $15) 15... Qd7 $1 $19 {[%cal Rd7f5]} 16. Qg5 (16. e4 $142) 16... d4 17. Bxb7 Qxb7 18. Nb5 Rad8 ({But not} 18... Rxe2 $2 19. Nbd6 $18) 19. Rac1 {[%cal Rb2d4] [#]} a6 $2 ({Stronger than} 19... Rxe2 {[#]} 20. Rxc5 $3 {[%mdl 512]} Rd7 21. Bxd4 $14) (19... Ne4 $1 $19 {[%cal Re4g5] is more deadly.} 20. Qg4 Nd5 21. Nfxd4 cxd4 22. Nxd4 Qa6) 20. Bxd4 $17 cxd4 ({Black should try} 20... Ne4 $17 21. Nbd6 Nxg5 22. Nxb7 Rxd4 23. Nxd4 cxd4) 21. Rc7 $36 {[%mdl 2048] The position is equal. White is pushing.} Qd5 22. Nh6+ $1 Kh8 23. Nxf7+ Kg8 {Strongly threatening ...Qxg5.} 24. Nh6+ $1 Kh8 25. Nf7+ Kg8 {aiming for ...Qxg5.} 26. Nh6+ $1 Kh8 {Precision: White = 35%, Black = 58%.} 1/2-1/2

[Event "11th American Continental Women 2018"]
[Site "Envigado"]
[Date "2018.11.17"]
[Round "1.2"]
[White "Besso, Guadalupe"]
[Black "Llaudy Pupo, Lisandra"]
[Result "0-1"]
[WhiteElo "2069"]
[BlackElo "2302"]
[Annotator "TA"]
[PlyCount "68"]
[EventDate "2018.11.17"]
[EventType "swiss"]
[EventRounds "9"]
[EventCountry "COL"]
[SourceTitle "playchess.com"]
[Source "ChessBase"]
[SourceQuality "1"]

{[%evp 14,68,20,18,32,24,37,18,34,18,15,1,33,18,32,11,20,20,41,6,14,14,27,9,28,29,43,22,14,25,49,53,50,32,207,73,143,-110,-92,-152,-154,-166,-183,-162,-187,-326,-315,-451,-431,-702,-619,-1155,-1134,-1662,-1662,-1874,-1796]} 1. d4 Nf6 2. Nf3 e6 3. c4 Bb4+ 4. Bd2 Qe7 5. Nc3 b6 6. e3 Bb7 7. Bd3 O-O 8. O-O d6 {E11: Bogo-Indian} (8... a5 9. a3 Bxc3 10. Bxc3 Ne4 11. Be1 f5 12. Nd2 Ng5 13. f4 Nf7 14. e4 Nh6 15. Qe2 d6 16. Nf3 {1-0 (40) Shankland,S (2661)-Saric,I (2660) Biel 2016}) 9. a3 Bxc3 $1 10. Bxc3 Ne4 {The position is equal.} 11. Bxe4 Bxe4 12. Qe2 f5 $146 ({Predecessor:} 12... Nd7 13. Nd2 Bb7 14. e4 c5 {0-1 (39) Metaxasz,V (2140)-Horvath,G (2356) Hungary 2011}) 13. Nd2 Bb7 14. f3 Nd7 15. b4 Rf6 16. c5 Rh6 17. Rfe1 Qh4 18. Nf1 Nf6 19. Bd2 Rg6 20. cxd6 cxd6 21. Qf2 Qh5 {Strongly threatening ...Qxf3.} 22. Ng3 Qg5 23. Rac1 h5 $2 {[#]} (23... Ne8 $14) 24. Rc7 (24. e4 $1 $18 {is the precise move to win.} f4 25. Ne2) 24... Rb8 ({Black should play} 24... Ba6) 25. d5 $2 {[%mdl 8192]} (25. e4 $16 {is necessary to keep the advantage.} f4 26. Ne2) 25... h4 $17 {[%cal Bh5h4,Bh4h3][%mdl 32]} ({Of course not} 25... Nxd5 $6 26. e4 $11) 26. Nf1 ({Better is} 26. Ne2 Nxd5 27. Rd7) 26... Nxd5 27. Rcc1 h3 $36 {[%cal Rg5g2][%mdl 2048] Black is really pushing.} 28. g3 {intending e4.} Qh5 29. Rc4 (29. Qe2 $142) 29... Nf6 $19 {[%cal Bd5f6,Bf6g4,Bg4e5,Be5f3][%mdl 32]} 30. e4 (30. Bc3 $142 b5 31. Rd4) 30... fxe4 {Black is clearly winning.} 31. fxe4 (31. Bc3 $142) 31... Ng4 32. Qd4 Ne5 33. Qxd6 Rf8 {[#] ( -> ...Qf3)} 34. Rc3 Nf3+ {[%mdl 64] Double Attack. Accuracy: White = 31%, Black = 45%.} 0-1

[Event "11th American Continental Women 2018"]
[Site "Envigado"]
[Date "2018.11.17"]
[Round "1.3"]
[White "Castrillon Gomez, Melissa"]
[Black "Gonzalez Ochoa, Yoana"]
[Result "0-1"]
[WhiteElo "2301"]
[BlackElo "2058"]
[Annotator "TA"]
[PlyCount "122"]
[EventDate "2018.11.17"]
[EventType "swiss"]
[EventRounds "9"]
[EventCountry "COL"]
[SourceTitle "playchess.com"]
[Source "ChessBase"]
[SourceQuality "1"]

{[%evp 13,122,30,27,-6,0,-8,-8,-26,-41,-27,18,21,24,22,19,15,28,0,0,0,0,0,-13,-22,0,-20,0,-49,-71,-67,-29,-31,-36,-41,49,-17,-17,-47,0,-33,-54,-42,-46,-55,-58,-53,-64,-73,-83,-91,-70,-93,-81,-85,-92,-37,-98,-90,-91,-201,-195,-186,-105,-105,-108,-108,-108,-111,-103,-118,-116,-120,-120,-116,-91,-91,-66,-133,-133,-133,-133,-133,-133,-133,-133,-133,-133,-305,-262,-454,-430,-414,-375,-439,-518,-639,-625,-947,-912,-2894,-3192,-29968,-29963,-29985,-29986,-29986,-29987,-29990,-29991,-29991,-29992]} 1. d4 d5 2. Nf3 Nf6 3. c4 c6 4. e3 a6 5. Bd3 Bg4 6. b3 {D11: Slav Defence: 3 Nf3 sidelines and 3...Nf6 4 e3 Bg4} (6. Nbd2 e6 7. b3 c5 8. Bb2 cxd4 9. exd4 Nc6 10. O-O Be7 11. a3 O-O 12. c5 Re8 13. b4 Bf8 {0-1 (30) Karjakin,S (2760)-Eljanov,P (2711) Riadh 2017}) 6... Nbd7 {[%cal Bb8d7,Bd7c5,Bc5e4][%mdl 32]} 7. Bb2 e6 {LiveBook: 7 Games} 8. Qc2 $146 {White has an edge.} ({Predecessor:} 8. Nbd2 Bd6 9. Qc2 Qb8 10. O-O Bh5 11. h3 O-O 12. Ng5 h6 13. Ngf3 Bxf3 14. Nxf3 {½-½ (47) Berkes,F (2630)-Movsesian,S (2629) Mallorca 2004}) 8... Bxf3 9. gxf3 c5 10. f4 cxd4 11. Bxd4 Nc5 12. Be2 Nce4 13. O-O Rc8 14. Nd2 Bc5 15. Bxc5 Rxc5 16. Nxe4 Nxe4 17. b4 Rc6 18. c5 O-O 19. f3 Nf6 20. Bd3 d4 21. Rad1 Qc7 (21... Nd5 $5 {[%cal Rd5e3]} 22. Bxh7+ Kh8 23. Rxd4 g6 $11) 22. exd4 Qxf4 23. Be4 Nd5 (23... Rc7 $15) 24. Qd2 (24. Bxh7+ $14 Kh8 25. Be4) 24... Qh4 $11 25. Kh1 Re8 26. Rde1 {[#] Bxd5 is the strong threat.} Rd8 27. a4 Rc7 28. Rg1 Rcd7 29. Rg4 Qf6 30. Reg1 g6 31. b5 axb5 32. axb5 Ne7 33. Qh6 Qg7 34. Qxg7+ Kxg7 35. R4g2 f5 36. c6 (36. Bc2 $17) 36... bxc6 $19 ({Not} 36... fxe4 37. cxd7 exf3 38. Rf2 $11) 37. Bxc6 Nxc6 ({Black should try} 37... Rxd4 $19 38. Rc2 Rb4) 38. bxc6 {[%mdl 4096] Endgame KRR-KRR} Rc7 39. Rc2 Rxd4 40. Rb1 Kf6 41. Kg2 Rd6 42. Rbc1 e5 43. Kf2 g5 {[%cal Bg6g5,Bg5g4][%mdl 32]} 44. Ke2 h5 45. Rc5 (45. h3 $1 $15) 45... g4 $17 46. R1c2 f4 47. Kf2 Ke6 48. Ke2 Rd5 {[#] aiming for ...Rxc5.} 49. R5c4 Kf5 50. R2c3 $2 (50. R4c3 $17 {only move.}) 50... Ra5 51. Rc2 $2 (51. Kf1) 51... Ra3 $19 52. fxg4+ hxg4 53. Kf2 e4 {[%cal Be5e4,Be4e3][%mdl 32]} 54. Rc5+ Ke6 55. R2c4 e3+ 56. Kg2 Ra2+ 57. Kg1 f3 {Black mates.} 58. Re4+ Kd6 59. Rc1 Rg2+ 60. Kh1 Rh7 {[%csl Gg2][%cal Rh7h2]} 61. Rd1+ Kxc6 {Precision: White = 46%, Black = 74%.} 0-1

[Event "11th American Continental Women 2018"]
[Site "Envigado"]
[Date "2018.11.17"]
[Round "1.4"]
[White "Munoz Monroy, Cinthya Carolina"]
[Black "Rodriguez Rueda, Paula Andrea"]
[Result "0-1"]
[WhiteElo "2032"]
[BlackElo "2275"]
[Annotator "TA"]
[PlyCount "70"]
[EventDate "2018.11.17"]
[EventType "swiss"]
[EventRounds "9"]
[EventCountry "COL"]
[SourceTitle "playchess.com"]
[Source "ChessBase"]
[SourceQuality "1"]

{[%evp 17,70,13,21,0,0,-4,20,20,25,-10,-7,0,44,-29,14,-10,8,-20,-23,-27,-14,-70,-72,-78,-67,-77,-76,-86,-94,-87,-97,-108,-108,-120,-130,-206,-208,-439,-438,-439,-438,-436,-432,-642,-479,-630,-556,-590,-565,-594,-581,-1694,-1675,-1412,-1288]} 1. e4 c5 2. Nf3 e6 3. c3 Nf6 4. e5 Nd5 5. g3 d6 6. exd6 Bxd6 7. Bg2 O-O 8. O-O Nc6 9. d4 Qc7 {LiveBook: 3 Games. B22: Sicilian: 2 c3} (9... cxd4 10. Nxd4 Bd7 11. Nxc6 Bxc6 12. Nd2 Rc8 13. Re1 b5 14. Nf3 a6 15. Qd3 Bc5 16. Qe2 Nb6 17. Be3 Bxe3 18. Qxe3 {½-½ (26) Rakhmanov,A (2640)-Pantsulaia,L (2598) Al Ain 2015}) 10. dxc5 Bxc5 11. Nbd2 b6 $146 {The position is equal.} ({Predecessor:} 11... Nf6 12. Qe2 e5 13. Ne4 Be7 14. Nxf6+ Bxf6 15. Bg5 Bxg5 16. Nxg5 h6 17. Ne4 {1-0 (63) Finnbogadottir,T (1931)-Vigfusson,V (1957) Reykjavik 2016}) 12. Ne4 {Hoping for c4.} Ba6 13. Re1 Be7 14. Qa4 Qb7 15. Nd4 ({Better is} 15. Bg5 $14) 15... b5 16. Qd1 Rad8 17. Nxc6 Qxc6 18. Qh5 Qb6 19. Bg5 ({White should play} 19. a3 $11) 19... Bxg5 $15 20. Nxg5 {[%csl Gg5][%cal Rh5h7]} h6 {And now ...Nf6 would win.} 21. Nf3 b4 22. Qe5 bxc3 23. bxc3 Rc8 24. Rac1 Rc5 $36 {[%mdl 2048] Threatens to win with ...Nxc3. Black is on the roll.} 25. Qd4 Rfc8 {[%cal Rd5c3]} 26. Ne5 (26. c4 $17 Bxc4 27. a3) 26... Nxc3 $19 ({Resist} 26... Rxc3 27. Qxb6 Nxb6 28. Rxc3 $17) 27. Rc2 $2 {[#]} (27. Kh1) 27... Ne2+ $1 {[%mdl 512] Black is clearly winning.} 28. Rcxe2 Bxe2 29. Qf4 Bh5 30. Be4 (30. Bf1 $142) 30... Qc7 31. Bd3 Rc1 32. Rf1 Rxf1+ 33. Bxf1 f6 {[%cal Bf7f6,Bf6e5][%mdl 32]} 34. Bc4 fxe5 35. Bxe6+ Bf7 {Accuracy: White = 26%, Black = 69%.} 0-1

[Event "11th American Continental Women 2018"]
[Site "Envigado"]
[Date "2018.11.17"]
[Round "1.5"]
[White "Arribas Robaina, Maritza"]
[Black "Caballero Quijano, Mitzy Mishell"]
[Result "1-0"]
[WhiteElo "2257"]
[BlackElo "1992"]
[Annotator "TA"]
[PlyCount "71"]
[EventDate "2018.11.17"]
[EventType "swiss"]
[EventRounds "9"]
[EventCountry "COL"]
[SourceTitle "playchess.com"]
[Source "ChessBase"]
[SourceQuality "1"]

{[%evp 22,71,50,46,51,41,87,72,72,74,68,74,62,56,81,57,145,154,247,250,292,286,410,163,135,146,273,115,115,115,115,115,108,109,118,97,184,177,193,193,245,250,532,489,615,626,879,872,812,799,835,834]} 1. e4 e6 2. d4 d5 3. Nd2 dxe4 4. Nxe4 Nd7 5. Nf3 Ngf6 6. Nxf6+ Nxf6 7. Bd3 Be7 8. O-O O-O 9. Bg5 c5 10. dxc5 Bxc5 11. Qe2 h6 12. Bh4 {LiveBook: 3 Games} Be7 {C10: French with 3 Nc3: Unusual Black 3rd moves and 3...dxe4} (12... Qc7 13. Rad1 Bd7 14. Ne5 Rfd8 15. Bxf6 gxf6 16. Qg4+ Kf8 17. Nxf7 e5 18. Qg6 Be8 19. Nxd8 {1-0 (19) Kveinys,A (2519)-Brazdzionis,A (2283) Panevezys 2018}) 13. Rfe1 Nd7 $146 ({Predecessor:} 13... Qa5 14. Ne5 Nd5 15. Bg3 Rd8 16. Qh5 Rf8 17. Ng4 Bg5 18. h4 Bd2 19. Re5 Qd8 20. Rd1 Bf4 21. Rxd5 exd5 22. Bxf4 Bxg4 23. Qxg4 f5 24. Bxf5 Qf6 25. Be6+ Kh8 26. Be3 Qe7 27. Bxd5 {1-0 (27) Braga,J (1938)-Monte,E (1653) Joao Pessoa 2014}) 14. Bg3 Nc5 {[#]White is better.} 15. Bc4 $1 Qb6 16. c3 Bd7 17. Rad1 Rad8 18. Ne5 {Black must now prevent b4.} Bc8 (18... Bc6 $14) 19. b4 $16 Na6 (19... Na4 $16) 20. a4 $18 Rxd1 21. Rxd1 ({Not} 21. Qxd1 Qd8 $16) 21... Rd8 (21... Nxb4 $142 22. Rb1 {[%mdl 64] Pin} a5 23. cxb4 axb4) 22. a5 $2 (22. Bd3 Nxb4 23. cxb4) 22... Rxd1+ 23. Qxd1 Qc7 {[#]} (23... Qd8 $16 24. Qh5 Qf8) 24. Qd3 (24. Ng6 $1 $18 {[%mdl 512]} Qd8 (24... fxg6 25. Bxc7) 25. Nxe7+ Qxe7 26. Qd4) 24... Bd6 $16 25. Bxa6 bxa6 26. Nc4 $36 {[%mdl 2048] White is really pushing.} Bxg3 27. hxg3 Kf8 28. Qd4 f6 (28... Bd7 $16) 29. Nd6 $18 Bd7 30. c4 {[%cal Bc3c4,Bc4c5][%mdl 32]} Ke7 (30... Be8 {is a better defense.} 31. c5 Qc6) 31. c5 e5 $2 (31... h5 32. Qe4 Qb8) 32. Qc4 {Qf7+ would kill now.White is clearly winning.} Be6 33. Qxa6 Bd7 34. Qc4 {Intending Qf7+ and mate.} Be6 35. Qe4 a6 36. Qa8 {Accuracy: White = 55%, Black = 26%.} 1-0

[Event "11th American Continental Women 2018"]
[Site "Envigado"]
[Date "2018.11.17"]
[Round "1.6"]
[White "Barria Baker, Raisa Melissa"]
[Black "Marrero Lopez, Yaniet"]
[Result "0-1"]
[WhiteElo "1941"]
[BlackElo "2253"]
[Annotator "TA"]
[PlyCount "62"]
[EventDate "2018.11.17"]
[EventType "swiss"]
[EventRounds "9"]
[EventCountry "COL"]
[SourceTitle "playchess.com"]
[Source "ChessBase"]
[SourceQuality "1"]

{[%evp 18,62,0,7,18,0,10,20,25,-44,-45,-55,-18,-18,16,16,15,25,11,16,34,0,47,58,82,-79,-57,-78,-80,-223,-235,-287,-308,-322,-318,-377,-393,-380,-322,-469,-458,-1263,-1236,-1081,-1046,-3104,-2787]} 1. d4 Nf6 2. Nf3 e6 3. e3 b6 4. Bd3 Bb7 5. O-O d5 6. b3 Bd6 {D05: Colle System with ...e6} 7. Bb2 (7. c4 O-O 8. cxd5 exd5 9. Ba3 c5 10. Nc3 Nbd7 11. Rc1 Re8 12. Bf5 Bf8 13. dxc5 Nxc5 14. Bb2 g6 15. Bh3 {0-1 (55) Dominguez Perez,L (2739)-So,W (2788) Saint Louis 2017}) 7... c5 8. c4 cxd4 9. exd4 O-O 10. Nc3 {LiveBook: 3 Games} Nbd7 11. Re1 a6 $146 ({Predecessor:} 11... Rc8 12. Rc1 dxc4 13. bxc4 a6 14. Ne5 Qe7 15. Qe2 Rfd8 {0-1 (62) Bettalli,F (2163)-Nesterov,A (2380) Montevideo 2017}) 12. Ne5 dxc4 13. Bxc4 ({Better is} 13. bxc4 $11 Rc8 14. Re3) 13... b5 $15 14. Bd3 Nb6 (14... Rc8 {with more complications.} 15. Re3 Bb4 16. Ne2 Nd5 17. Rh3 h6) 15. Re3 Nbd5 16. Nxd5 Bxd5 17. Rh3 h6 18. Qe2 Qb6 19. g4 Qb7 {[#]} 20. g5 $1 {[%mdl 512]} hxg5 {[#]} 21. Ng4 $2 (21. Bc1 $1 $16 {and life is bright.}) 21... Rfd8 22. Nxf6+ gxf6 23. Qh5 (23. Rh7 $17) 23... Kf8 $19 24. Re1 Ke7 25. Qg4 Rh8 26. Bc1 Rxh3 27. Qxh3 Rg8 {[%cal Ba8g8,Bg8h8,Bh8h4][%mdl 32]} 28. Bf1 (28. Bd2 {is a better defense.}) 28... Qb8 {Hoping for ...Rh8.Black is clearly winning.} 29. f3 (29. Bg2 $142 Rh8 30. Qd3) 29... Rh8 30. Qg4 Rh4 31. Qf5 Bxh2+ {Accuracy: White = 26%, Black = 42%.} 0-1

[Event "11th American Continental Women 2018"]
[Site "Envigado"]
[Date "2018.11.17"]
[Round "1.7"]
[White "Miranda Rodriguez, Tania"]
[Black "Toro Castaneda, Elizabeht"]
[Result "1-0"]
[WhiteElo "2246"]
[BlackElo "1932"]
[Annotator "TA"]
[PlyCount "63"]
[EventDate "2018.11.17"]
[EventType "swiss"]
[EventRounds "9"]
[EventCountry "COL"]
[SourceTitle "playchess.com"]
[Source "ChessBase"]
[SourceQuality "1"]

{[%evp 21,63,27,27,27,28,30,34,9,6,0,7,2,-5,-22,4,-20,-24,-32,-25,-29,-16,-18,-15,-25,27,35,130,136,201,201,193,191,187,190,531,552,543,534,515,512,29988,29989,29989,29990]} 1. e4 e5 2. Nf3 Nc6 3. Bb5 a6 4. Ba4 Nf6 5. O-O Be7 6. Re1 b5 7. Bb3 d6 8. c3 O-O 9. h3 Nb8 10. d4 Nbd7 11. Nbd2 {[%cal Bb1d2,Bd2f1,Bf1g3][%mdl 32]} c5 12. Nf1 {C95: Closed Ruy Lopez: Breyer Variation with 10 d4} Re8 13. Ng3 Bf8 14. Bc2 {White is slightly better.} (14. a4 {with more complications.} Bb7 15. d5 c4 16. Bc2 g6 17. Be3) 14... cxd4 15. cxd4 exd4 16. Nxd4 (16. Bf4 Bb7 17. Nxd4 g6 18. Qd2 Nc5 19. Bg5 Bg7 {½-½ (37) Karjakin,S (2760)-Kovalev,V (2664) Batumi 2018}) 16... d5 17. Bg5 {[#]} h6 $146 ({Predecessor:} 17... Bb7 18. e5 Rxe5 19. Rxe5 Nxe5 {0-1 (33) Veys,V (2109)-Glud,J (2514) Cappelle-la-Grande 2013}) 18. Bf4 dxe4 19. Nxe4 Bb7 $1 {[%cal Rf6e4]} 20. Nd6 {aiming for Rxe8.} Rxe1+ 21. Qxe1 Bxd6 22. Bxd6 Qb6 (22... Bxg2 $142 $1 23. Kxg2 Qb6) 23. Nf5 $1 $11 Bxg2 {[#]} ({Black should try} 23... Re8 $14 24. Ne7+ Kh8) 24. Qc3 $1 $16 {[%cal Rc3g3]} ({And not} 24. Kxg2 Qc6+ 25. Be4 Qxe4+ 26. Qxe4 Nxe4 $15) 24... Bb7 (24... g6 $16) 25. Qg3 $1 $18 {[%csl Gf5,LRg7,LRh6][%cal Rg3g7]} g6 26. Nxh6+ Kg7 {[#]} 27. Nxf7 $1 $40 {[%csl Gc2][%cal Rg3g6][%mdl 640] White attacks with force.} Ne4 $2 (27... Be4) (27... Kxf7 28. Bxg6+) 28. Bxe4 Bxe4 29. Ng5 Re8 30. Qb3 {Qf7+ would kill now.} Qd8 (30... Qxd6 $18 31. Qf7+ {[%mdl 64] Double Attack} Kh6) 31. Qf7+ Kh6 32. Bf4 {Accuracy: White = 74%, Black = 46%.} 1-0

[Event "11th American Continental Women 2018"]
[Site "Envigado"]
[Date "2018.11.17"]
[Round "1.8"]
[White "Prado, Alexandra"]
[Black "Perez Rodriguez, Jennifer"]
[Result "0-1"]
[WhiteElo "1873"]
[BlackElo "2203"]
[Annotator "TA"]
[PlyCount "36"]
[EventDate "2018.11.17"]
[EventType "swiss"]
[EventRounds "9"]
[EventCountry "COL"]
[SourceTitle "playchess.com"]
[Source "ChessBase"]
[SourceQuality "1"]

{[%evp 14,36,21,21,23,5,4,0,14,-25,-14,-32,-29,-23,0,0,0,-17,-22,-49,-49,-69,-69,-81,-79]} 1. e4 e5 2. Nf3 Nc6 3. d4 exd4 4. Nxd4 Bb4+ 5. c3 Bc5 6. Be3 Bb6 7. Bc4 d6 {C45: Scotch Game} (7... Nf6 8. Nxc6 bxc6 9. Bxb6 axb6 10. e5 Nd5 11. O-O O-O 12. Bxd5 cxd5 13. Qxd5 Ra5 14. Qd4 Bb7 15. f4 {½-½ (75) Laznicka,V (2681)-Babula,V (2584) Brno 2013}) 8. Nd2 {LiveBook: 3 Games} Nf6 9. h3 O-O {The position is equal.} 10. O-O Nxd4 $146 (10... Re8 {looks sharper.} 11. Nxc6 bxc6 12. Re1 d5 13. Bd3 dxe4 14. Nxe4 Bf5) ({Predecessor:} 10... h6 11. Nc2 Re8 12. Bxb6 axb6 13. Ne3 Be6 14. Nd5 Ne5 15. Bb3 Bxd5 16. exd5 {½-½ (46) Ganor,D (2377)-Grinshpun,E (2416) Israel 2007}) 11. cxd4 d5 12. exd5 Nxd5 13. Nf3 Nxe3 14. fxe3 Qe7 15. Ne5 Be6 16. Qf3 f6 17. Bxe6+ Qxe6 18. Nd3 Rfe8 0-1

[Event "11th American Continental Women 2018"]
[Site "Envigado"]
[Date "2018.11.17"]
[Round "1.9"]
[White "Fernandez, Maria Florencia"]
[Black "Gomez Guardo, Laura Meli"]
[Result "1-0"]
[WhiteElo "2198"]
[BlackElo "1842"]
[Annotator "TA"]
[PlyCount "81"]
[EventDate "2018.11.17"]
[EventType "swiss"]
[EventRounds "9"]
[EventCountry "COL"]
[SourceTitle "playchess.com"]
[Source "ChessBase"]
[SourceQuality "1"]

{[%evp 15,81,7,6,0,0,0,18,0,0,0,0,6,18,-100,-90,-84,66,64,93,86,301,71,102,87,668,242,231,239,235,115,176,127,186,134,170,157,179,130,139,0,262,284,507,56,52,54,77,43,60,0,389,377,328,209,805,789,922,931,850,-783,1004,1000,933,-29987,29973,29975,29981,29982]} 1. d4 Nf6 2. c4 e6 3. Nf3 b6 4. a3 Bb7 5. Nc3 d6 6. Bg5 Nbd7 7. e3 Be7 8. Bd3 O-O 9. O-O {E12: Queen's Indian: Unusual White 4th moves, 4 a3, 4 Nc3 Bb7 5 a3 and 4 Nc3 Bb7} c5 10. Rc1 d5 11. cxd5 {The position is equal.} Nxd5 12. Bxe7 Qxe7 13. Ne4 $146 ({Predecessor:} 13. Nxd5 Bxd5 14. e4 Bb7 15. b4 {½-½ (41) Schleining,Z (2368)-Stefanova,A (2497) Belgrade 2013}) 13... f5 14. Neg5 (14. Ned2 $11) 14... h6 $17 15. Nh3 N5f6 (15... g5 $17 16. Ne5 Nxe5 17. dxe5 Rad8) 16. Nf4 $14 {Black must now prevent Ng6.} Kh7 17. Nh4 Rae8 $2 {[#]} (17... Rf7 $16) 18. Nxf5 $2 (18. Nxe6 $1 $18 {[%mdl 512]} g6 (18... Qxe6 19. Bxf5+) 19. Nxf8+ Rxf8 20. Nf3) 18... exf5 $16 19. Bxf5+ g6 $2 {[%mdl 8192]} (19... Kg8 $16) 20. Bxg6+ $2 (20. Nxg6 Qg7 21. Nxf8+ {[%mdl 64] Discovered Attack (Double check)} Kg8 22. Ng6) 20... Kg7 $18 21. Bxe8 Rxe8 22. d5 (22. dxc5 $18 {and White stays clearly on top.} Nxc5 23. b4) 22... Ne5 (22... Qe4 $16) 23. f3 Qd6 (23... Ng6 $16 24. Ne6+ Kh7) 24. Ne6+ (24. Qd2 $18) 24... Kf7 25. e4 Ba6 26. Qd2 Bxf1 27. Qxh6 (27. Rxf1 $16 Rxe6 28. dxe6+ Qxe6 29. Qxh6) 27... Rg8 $2 {[%mdl 8192]} (27... Rxe6 $1 $11 28. dxe6+ Kxe6 29. Rxf1 Qd4+ 30. Kh1 Qxb2) 28. Rxf1 Nd3 $2 (28... Qe7 29. f4 Neg4) 29. Qd2 $2 (29. f4 $18) 29... c4 $14 {Threatening ...Nxd5.} 30. b3 $36 {[%mdl 2048] White fights for an advantage.} b5 {...Nxd5 is the strong threat.} 31. bxc4 (31. Rb1 {is more complex.} Qb6+ 32. Kf1 Qd6 33. g3 Qxa3 34. Nd4) 31... bxc4 32. Rb1 ({Better is} 32. g3 $14) 32... Nxd5 $2 {[%mdl 8192]} (32... Qxa3 $11 {and Black stays safe.} 33. g3 (33. Rb7+ Ke8 $11) 33... Ne5) 33. exd5 $18 Qxd5 34. Qe3 Qxe6 $2 (34... c3) 35. Qxa7+ Qe7 36. Rb7 Re8 37. a4 $4 {[%mdl 8192]} ({And not} 37. Rxe7+ Rxe7 38. Qa5 Re1+ 39. Qxe1 Nxe1 $15) (37. h4 $18 Nf4 38. Rxe7+ Rxe7 39. Qc5) 37... Nf4 $4 {[%mdl 8192]} (37... c3 $19 38. Qa6 {[#]} Qxb7 $1 {[%mdl 576] Promotion} 39. Qxb7+ Kf8) 38. Rxe7+ Rxe7 39. Qc5 $4 {[%mdl 8192]} (39. Qa5 $18) 39... Ne2+ $4 {[%mdl 8192]} (39... Re1+ 40. Kf2 Nd3+ {[%mdl 64] Double Attack} 41. Kg3 Nxc5 42. f4 c3 43. Kg4 c2 44. Kg5 c1=Q 45. Kg4 Re2 46. g3 Rxh2 47. Kg5 Qe3 48. Kg4 Qe2+ 49. Kg5 Rh5#) 40. Kf2 c3 {[#]} 41. Qxe7+ $3 {[%mdl 512] Accuracy: White = 29%, Black = 24%.} 1-0